សរីរវិទ្យា / (Record no. 1694)
[ view plain ]
| 000 -LEADER | |
|---|---|
| fixed length control field | 01587nam a22003257a 4500 |
| 001 - CONTROL NUMBER | |
| control field | 1694 |
| 003 - CONTROL NUMBER IDENTIFIER | |
| control field | FISKH |
| 005 - DATE AND TIME OF LATEST TRANSACTION | |
| control field | 20230920131933.0 |
| 008 - FIXED-LENGTH DATA ELEMENTS--GENERAL INFORMATION | |
| fixed length control field | 230915b cb ||||| |||| 00| 0 khrd |
| 020 ## - INTERNATIONAL STANDARD BOOK NUMBER | |
| International Standard Book Number | 9789924341239 |
| 040 ## - CATALOGING SOURCE | |
| Original cataloging agency | FISKH |
| Language of cataloging | eng |
| Transcribing agency | FISKH |
| Modifying agency | FISKH |
| 082 ## - DEWEY DECIMAL CLASSIFICATION NUMBER | |
| Classification number | 591.1 |
| 100 ## - MAIN ENTRY--PERSONAL NAME | |
| Personal name | Tanaka, Etsuro |
| 245 ## - TITLE STATEMENT | |
| Title | សរីរវិទ្យា / |
| Statement of responsibility, etc. | ETSURO TANAKA, KEIKO, KOYAMA, BECOME CO., LTD - បកប្រែពីភាសាអង់គ្លេសដោយ ប៊ុត សុផល, ឡាច រតនា, និង អ៊ូច សូដានី |
| 260 ## - PUBLICATION, DISTRIBUTION, ETC. | |
| Place of publication, distribution, etc. | Phnom Penh : |
| Name of publisher, distributor, etc. | Sipar, |
| Date of publication, distribution, etc. | 2016. |
| 300 ## - PHYSICAL DESCRIPTION | |
| Extent | 226 pages : |
| Other physical details | color illustrations ; |
| Dimensions | 24 cm |
| 490 ## - SERIES STATEMENT | |
| Series statement | មគ្គទេ្ទសក៍ឆាករូបភាព |
| 505 ## - FORMATTED CONTENTS NOTE | |
| Formatted contents note | Z'<br/> |
| 520 ## - SUMMARY, ETC. | |
| Summary, etc. | ជាមួយនឹងសៀវភៅកំប្លែងនេះ អ្នកនឹងរៀនពីរបៀបដែលរាងកាយរបស់មនុស្សធ្វើការ។ |
| 520 ## - SUMMARY, ETC. | |
| Summary, etc. | The ways the human body works are illustrated with comics and adolescent characters. |
| 521 8# - TARGET AUDIENCE NOTE | |
| Target audience note | 920<br/> |
| Source | Lexile estimate<br/> |
| 521 8# - TARGET AUDIENCE NOTE | |
| Target audience note | Z'<br/> |
| Source | Raz-Plus<br/> |
| 650 ## - SUBJECT ADDED ENTRY--TOPICAL TERM | |
| Topical term or geographic name entry element | សរីរវិទ្យា |
| Form subdivision | មុខងារ |
| General subdivision | ផ្នែកនៃរាងកាយ |
| Chronological subdivision | របៀបនៃការធ្វើការ |
| 650 ## - SUBJECT ADDED ENTRY--TOPICAL TERM | |
| Topical term or geographic name entry element | Physiology |
| Form subdivision | Function |
| General subdivision | Body part |
| Chronological subdivision | how it work |
| 700 ## - ADDED ENTRY--PERSONAL NAME | |
| Personal name | Koyama, Keiko |
| Relator term | Author |
| 700 ## - ADDED ENTRY--PERSONAL NAME | |
| Personal name | Sopal, Both |
| Relator term | Translator |
| 700 ## - ADDED ENTRY--PERSONAL NAME | |
| Personal name | Ratana, Larch |
| Relator term | Translator |
| 700 ## - ADDED ENTRY--PERSONAL NAME | |
| Personal name | Sodany, Ouch |
| Relator term | Translator |
| 942 ## - ADDED ENTRY ELEMENTS (KOHA) | |
| Source of classification or shelving scheme | Dewey Decimal Classification |
| Koha item type | Khmer Books |
| Suppress in OPAC | No |
| Withdrawn status | Lost status | Source of classification or shelving scheme | Damaged status | Not for loan | Collection | Home library | Current library | Shelving location | Date acquired | Total Checkouts | Full call number | Barcode | Date last seen | Copy number | Price effective from | Koha item type | Date last checked out |
|---|---|---|---|---|---|---|---|---|---|---|---|---|---|---|---|---|---|
| Dewey Decimal Classification | Khmer Non-Fiction / សៀវភៅខ្មែរ រឿងពិត | Footprints International School Library Network Toul Kork Campus | Footprints International School Library Network Toul Kork Campus | TK Campus, Room B402, Khmer Book Case 16, Shelves 112-123 / ទូរសៀវភៅខ្មែរលេខ ១៦ ធ្នើរ ១១២ ដល់ ១២៣ បន្ទប់ B402 សាខាទួលគោក | 09/15/2023 | TAN 591.1 | 2023-0621 | 09/15/2023 | 1 | 09/15/2023 | Khmer Books | ||||||
| Dewey Decimal Classification | Khmer Non-Fiction / សៀវភៅខ្មែរ រឿងពិត | Footprints International School Library Network Toul Kork Campus | Footprints International School Library Network Toul Kork Campus | TK Campus, Room B402, Khmer Book Case 16, Shelves 112-123 / ទូរសៀវភៅខ្មែរលេខ ១៦ ធ្នើរ ១១២ ដល់ ១២៣ បន្ទប់ B402 សាខាទួលគោក | 09/15/2023 | 1 | TAN 591.1 | 2023-0622 | 05/09/2025 | 2 | 09/15/2023 | Khmer Books | 01/13/2025 |
